[Event "38th Eastman Open 2015"]
[Site "Ghent BEL"]
[Date "2015.07.20"]
[Round "6.3"]
[White "Dgebuadze, Alexandre"]
[Black "Cordts, Ingo"]
[Result "1/2-1/2"]
[WhiteTitle "GM"]
[BlackTitle "FM"]
[WhiteElo "2490"]
[BlackElo "2284"]
[WhiteFideId "203882"]
[BlackFideId "4662687"]
[EventDate "2015.07.18"]

1. e4 e5 2. Nf3 Nc6 3. Bb5 a6 4. Ba4 Nf6 5. O-O Nxe4 6. d4 b5 7. Bb3 d5 8. dxe5
Be6 9. Be3 Be7 10. Nbd2 O-O 11. h3 Kh8 12. Nxe4 dxe4 13. Bxe6 exf3 14. Bd5 fxg2
15. Bxg2 Nxe5 16. Bf4 Bf6 17. Bxa8 Qxa8 18. Bxe5 Bxe5 19. c3 Rd8 20. Qe2 Re8 21.
Rfe1 Bh2+ 22. Kxh2 Rxe2 23. Rxe2 h5 24. Rd1 Qf3 25. Rdd2 Kh7 26. Re3 Qf4+ 27.
Kg2 Qg5+ 28. Kf1 Qf5 29. a3 g6 30. Kg2 1/2-1/2

[Event "38th Eastman Open 2015"]
[Site "Ghent BEL"]
[Date "2015.07.20"]
[Round "6.4"]
[White "Offringa, Joost"]
[Black "Feller, Sebastien"]
[Result "0-1"]
[BlackTitle "GM"]
[WhiteElo "2224"]
[BlackElo "2622"]
[WhiteFideId "1025880"]
[BlackFideId "634654"]
[EventDate "2015.07.18"]

1. c4 Nf6 2. Nf3 c5 3. g3 b6 4. Bg2 Bb7 5. O-O e6 6. Nc3 Be7 7. b3 O-O 8. d4
cxd4 9. Nxd4 Bxg2 10. Kxg2 Qc8 11. Bb2 Qb7+ 12. Kg1 d6 13. a4 Nbd7 14. a5 bxa5
15. Rxa5 Nc5 16. Qc2 Rfc8 17. Rfa1 a6 18. Bc1 Bf8 19. Bg5 e5 20. Nf5 Qxb3 21.
Qc1 Nce4 22. Bxf6 Qxc3 23. Bxg7 Qxc1+ 24. Rxc1 Bxg7 25. Ne7+ Kf8 26. Nxc8 Rxc8
27. Rxa6 Ke7 28. Rc2 Rc7 29. Ra8 d5 30. f3 Ng5 31. Raa2 dxc4 32. Ra4 c3 33. Kf2
Ne6 34. Ra3 e4 35. fxe4 Bd4+ 36. e3 Be5 37. Kf3 Ng5+ 38. Kg4 Nxe4 39. Kf5 Nd6+ 0-1

[Event "38th Eastman Open 2015"]
[Site "Ghent BEL"]
[Date "2015.07.20"]
[Round "6.5"]
[White "Michiels, Bart"]
[Black "De Groote, Jesper"]
[Result "1/2-1/2"]
[WhiteTitle "GM"]
[WhiteElo "2533"]
[BlackElo "2168"]
[WhiteFideId "202967"]
[BlackFideId "1019295"]
[EventDate "2015.07.18"]

1. d4 Nf6 2. c4 e6 3. Nc3 Bb4 4. Qc2 d5 5. a3 Bxc3+ 6. Qxc3 b6 7. cxd5 Nxd5 8.
Qc2 O-O 9. e4 Ne7 10. Nf3 Nd7 11. Bf4 Bb7 12. Bxc7 Qe8 13. Bd6 f5 14. e5 Rc8 15.
Qd2 h6 16. Be2 Rf7 17. O-O Nd5 18. Rfc1 Nf8 19. Ne1 Rd7 20. Bb5 Ng6 21. Rxc8
Qxc8 22. Rc1 Qd8 23. Bxd7 Qxd7 24. f3 Qd8 25. Nd3 Qh4 26. Nb4 Ngf4 27. Nxd5 Nxd5
28. a4 Nf4 29. Be7 Nh3+ 30. gxh3 Qxe7 31. Rc3 Kh7 32. Kf1 Qh4 33. f4 Qd8 34. d5
Bxd5 35. Ke1 Qd7 36. Qd4 Qe7 37. Rg3 Qb7 38. Qb4 Bf3 39. Kf2 Bh5 40. Qf8 Bg6 41.
Qa3 Qe4 42. Qf3 Qd4+ 43. Kg2 Be8 44. h4 Qc4 45. b3 Qc1 46. Kh3 Bc6 47. Qf2 Qd1
48. Qg1 Qd7 49. h5 Qf7 50. Qd1 Be8 51. Kg2 Qb7+ 52. Kg1 Qe4 53. Qf3 Qb1+ 54. Qf1
Qc2 55. Qc4 Qd1+ 56. Kg2 Bxh5 57. Qxe6 Qe2+ 58. Kg1 Qe1+ 59. Kg2 Qe2+ 60. Kg1
Qe1+ 1/2-1/2

[Event "38th Eastman Open 2015"]
[Site "Ghent BEL"]
[Date "2015.07.20"]
[Round "6.6"]
[White "Sarrau, Jelle"]
[Black "Dijckmans, Bjorn"]
[Result "1-0"]
[WhiteTitle "FM"]
[WhiteElo "2359"]
[BlackElo "2121"]
[WhiteFideId "207608"]
[BlackFideId "202479"]
[EventDate "2015.07.18"]

1. Nf3 d6 2. c4 e5 3. Nc3 f5 4. g3 Nf6 5. d4 e4 6. Ng5 c6 7. h4 d5 8. c5 b6 9.
cxb6 axb6 10. Bf4 Bd6 11. Nh3 O-O 12. Qb3 Na6 13. Rc1 Re8 14. e3 b5 15. Bxd6
Qxd6 16. Nf4 Qb4 17. Qxb4 Nxb4 18. a3 Na6 19. Nb1 Bd7 20. Be2 Nc7 21. b3 Ne6 22.
Kd2 Kf8 23. Nxe6+ Rxe6 24. Rc5 Ke7 25. Kc2 Kd6 26. Kb2 Ng4 27. Bxg4 fxg4 28. Rd1
Rf6 29. Rd2 Raf8 30. Rcc2 Rf5 31. Kc3 g5 32. hxg5 Rxg5 33. Kb4 h5 34. Nc3 h4 35.
gxh4 Rh5 36. a4 Rxh4 37. a5 Rh3 38. Ra2 g3 39. fxg3 Rxg3 40. Re2 Bg4 41. Rg2
Rxg2 42. Rxg2 Be6 43. Rg7 Bd7 44. a6 Kc7 45. Ka5 Ra8 46. Na2 Ra7 47. Nb4 Ra8 48.
Rh7 Rb8 49. a7 Rf8 50. Na6+ 1-0

[Event "38th Eastman Open 2015"]
[Site "Ghent BEL"]
[Date "2015.07.20"]
[Round "6.7"]
[White "Van den Dikkenberg, Erik"]
[Black "De Groote, Ewoud"]
[Result "0-1"]
[WhiteTitle "FM"]
[WhiteElo "2133"]
[BlackElo "2315"]
[WhiteFideId "1005880"]
[BlackFideId "1017870"]
[EventDate "2015.07.18"]

1. e4 c5 2. Nc3 d6 3. f4 Nc6 4. Nf3 g6 5. Bb5 Bg7 6. O-O Bd7 7. Bxc6 Bxc6 8. d3
Nf6 9. Qe1 Qd7 10. Bd2 O-O 11. h3 Ne8 12. f5 gxf5 13. Qh4 e5 14. Ng5 h6 15. Nf3
fxe4 16. dxe4 Qe6 17. g4 Nc7 18. Kh2 d5 19. Qh5 Qg6 20. Nh4 Qxh5 21. gxh5 dxe4
22. Nf5 Kh7 23. Rg1 Ne6 24. Be3 Bh8 25. Bxh6 Rg8 26. Be3 Nd4 27. Bxd4 exd4 28.
Ne2 Be5+ 29. Neg3 Rg5 30. Ne7 Re8 31. Nxc6 bxc6 32. Raf1 f6 33. h4 Rxg3 34. Rxg3
Rg8 0-1

[Event "38th Eastman Open 2015"]
[Site "Ghent BEL"]
[Date "2015.07.20"]
[Round "6.8"]
[White "Froeyman, Helmut"]
[Black "Vandelacluze, Ian"]
[Result "1-0"]
[WhiteTitle "FM"]
[WhiteElo "2278"]
[BlackElo "2069"]
[WhiteFideId "203602"]
[BlackFideId "222755"]
[EventDate "2015.07.18"]

1. e4 e5 2. Nf3 Nf6 3. Nxe5 d6 4. Nf3 Nxe4 5. d4 d5 6. Bd3 Nc6 7. O-O Be7 8. c4
Nb4 9. Be2 Bf5 10. a3 Nc6 11. Nc3 Nxc3 12. bxc3 O-O 13. Re1 Re8 14. Bf4 Rc8 15.
cxd5 Qxd5 16. Bd3 b5 17. Rb1 a6 18. a4 b4 19. c4 Qd7 20. d5 Bf6 21. Rxe8+ Rxe8
22. Bxf5 Qxf5 23. Bxc7 Nd4 24. Rxb4 g5 25. Rb8 Rxb8 26. Bxb8 Qc8 27. Nxd4 Qxb8
28. Nf5 Qf4 29. Ne3 Bd4 30. Qd3 Bc5 31. g3 Qe5 32. Kg2 Qb2 33. Qe4 Kf8 34. g4
Qa2 35. d6 Bxe3 36. Qxe3 Qxc4 37. Qe7+ Kg7 38. Qxg5+ Kf8 39. Qe7+ Kg7 40. h3
Qxa4 41. d7 Qc6+ 42. Kg3 Qc3+ 43. Kh4 Qf3 44. Qg5+ 1-0

[Event "38th Eastman Open 2015"]
[Site "Ghent BEL"]
[Date "2015.07.20"]
[Round "6.9"]
[White "De Jong, Jasper"]
[Black "Verstraeten, Rein"]
[Result "0-1"]
[BlackTitle "FM"]
[WhiteElo "2147"]
[BlackElo "2312"]
[WhiteFideId "1008340"]
[BlackFideId "223654"]
[EventDate "2015.07.18"]

1. e4 c5 2. c3 d5 3. exd5 Qxd5 4. d4 Nc6 5. Be3 Bf5 6. dxc5 Qxd1+ 7. Kxd1 e6 8.
Nd2 Nf6 9. Ngf3 Nd5 10. Bd4 f6 11. Bc4 Nf4 12. Nh4 Bd3 13. Bb3 O-O-O 14. Be3 Nd5
15. Bxd5 Rxd5 16. b4 f5 17. f4 Be7 18. Nhf3 Bf6 19. Rc1 e5 20. fxe5 Nxe5 21.
Nxe5 Bxe5 22. g3 h5 23. Nf3 Re8 24. Nd4 h4 25. gxh4 Rh8 26. Bf2 Rd7 27. Ra1 Be4
28. Rg1 Bxh2 29. Rg6 Be5 30. Ke2 Bf6 31. Rag1 Re8 32. Kd2 f4 33. R6g4 Bf3 34.
Kc2 Bxg4 35. Rxg4 Bxd4 36. Bxd4 Rf7 37. Kd3 f3 38. Rg1 Rf4 39. h5 Rf5 40. Rf1
Re7 41. a4 Rff7 42. Rf2 Re1 43. a5 a6 44. Rh2 Rf1 45. Kd2 f2 46. Ke2 Re1+ 47.
Kd3 f1=Q+ 0-1

[Event "38th Eastman Open 2015"]
[Site "Ghent BEL"]
[Date "2015.07.20"]
[Round "6.10"]
[White "Huhndorf, Arnold"]
[Black "Van Kessel, Wessel"]
[Result "1-0"]
[WhiteTitle "FM"]
[WhiteElo "2262"]
[BlackElo "1954"]
[WhiteFideId "4665031"]
[BlackFideId "233404"]
[EventDate "2015.07.18"]

1. d4 Nf6 2. c4 e6 3. Nf3 d5 4. g3 c6 5. Bg2 Nbd7 6. Qc2 Bd6 7. Nbd2 O-O 8. O-O
Re8 9. b3 e5 10. cxd5 cxd5 11. dxe5 Nxe5 12. Bb2 Bg4 13. Bxe5 Bxe5 14. Nxe5 Rxe5
15. Nf3 Re7 16. Rac1 Rc8 17. Qb2 Rec7 18. h3 Rxc1 19. Rxc1 Rxc1+ 20. Qxc1 Bf5
21. Qe3 a6 22. Qe5 Be4 23. Nd4 Bxg2 24. Kxg2 h6 25. Nf5 Kf8 26. a4 Qb6 27. Qe7+
Kg8 28. Nd6 Kh7 29. g4 Qb4 30. Nf5 Qxe7 31. Nxe7 Ne4 32. a5 d4 33. Nf5 d3 34.
exd3 Nc5 35. Nd6 Kg8 36. Kf3 Kf8 37. Ke3 Ke7 38. Nf5+ Kd7 39. b4 Ne6 40. h4 Kc7
41. Nd4 Nd8 42. Ke4 b6 43. axb6+ Kxb6 44. Kd5 Nb7 45. h5 g6 46. g5 1-0

[Event "38th Eastman Open 2015"]
[Site "Ghent BEL"]
[Date "2015.07.20"]
[Round "6.12"]
[White "Van Mechelen, Jan"]
[Black "De Haas, Wouter"]
[Result "1/2-1/2"]
[WhiteTitle "FM"]
[WhiteElo "2243"]
[BlackElo "2044"]
[WhiteFideId "201863"]
[BlackFideId "1037218"]
[EventDate "2015.07.18"]

1. Nf3 Nf6 2. c4 c5 3. Nc3 Nc6 4. g3 g6 5. Bg2 Bg7 6. O-O Rb8 7. d4 cxd4 8. Nxd4
Ng4 9. e3 Nge5 10. b3 O-O 11. Bb2 d6 12. h3 a6 13. Rc1 e6 14. Nxc6 bxc6 15. Ba3
c5 16. f4 Qa5 17. Na4 Rd8 18. fxe5 dxe5 19. Qf3 f5 20. Rcd1 Bd7 21. Nxc5 e4 22.
Qe2 Qxa3 23. Nxd7 Rb7 24. Nb6 Rxd1 25. Qxd1 Qc5 26. Qd8+ Kf7 27. Nc8 Qxe3+ 28.
Rf2 Bd4 29. Nd6+ Kg7 30. Ne8+ Kf7 31. Nd6+ 1/2-1/2

[Event "38th Eastman Open 2015"]
[Site "Ghent BEL"]
[Date "2015.07.20"]
[Round "6.13"]
[White "Spruit, Paul"]
[Black "Stone, Andrew M"]
[Result "0-1"]
[WhiteElo "2055"]
[BlackElo "2209"]
[WhiteFideId "1029797"]
[BlackFideId "404985"]
[EventDate "2015.07.18"]

1. c4 e5 2. g3 d6 3. Nc3 f5 4. d3 Nf6 5. Bg2 Be7 6. e4 O-O 7. Nge2 c6 8. O-O Na6
9. a3 fxe4 10. dxe4 Be6 11. b3 Nc7 12. Bb2 a6 13. a4 a5 14. Nc1 Na6 15. Nd3 Qb6
16. Bc1 Rad8 17. Be3 Qc7 18. Rc1 Bg4 19. f3 Bh5 20. Qd2 b6 21. Qc2 Rb8 22. Bh3
Kh8 23. Kg2 Rb7 24. Bf5 Qb8 25. Rb1 Nb4 26. Qd2 Na6 27. Qc2 Nc5 28. Rf2 Bf7 29.
Bh3 Bg6 30. Bf5 Bxf5 31. exf5 Rd8 32. Re2 Nxd3 33. Qxd3 d5 34. cxd5 cxd5 35. Nb5
e4 36. fxe4 dxe4 37. Qc2 Rbd7 38. Qc6 Nd5 39. Bf2 Qe5 40. Qe6 Qb8 41. Qxe4 Bf6
42. Rbe1 Re7 43. Qc4 Qb7 44. Rxe7 Ne3+ 45. Kh3 0-1

[Event "38th Eastman Open 2015"]
[Site "Ghent BEL"]
[Date "2015.07.20"]
[Round "6.14"]
[White "Ramacker, Quinten"]
[Black "McMichael, Richard J"]
[Result "1/2-1/2"]
[BlackTitle "CM"]
[WhiteElo "2049"]
[BlackElo "2207"]
[WhiteFideId "210404"]
[BlackFideId "400963"]
[EventDate "2015.07.18"]

1. e4 e6 2. d4 d5 3. exd5 exd5 4. Bd3 Nc6 5. Ne2 Bd6 6. Nbc3 Nf6 7. Bg5 Be6 8.
Qd2 Nb4 9. Nf4 O-O 10. O-O h6 11. Nxe6 fxe6 12. Bh4 Nxd3 13. Qxd3 Qd7 14. Rae1
Rae8 15. Bg3 Nh5 16. Be5 Nf4 17. Bxf4 Rxf4 18. g3 Rf6 19. f4 c5 20. Kg2 Ref8 21.
Re2 c4 22. Qe3 Bc7 23. Rfe1 Kh7 24. Nd1 Qf7 25. Rf2 Qg6 26. Ref1 h5 27. c3 h4
28. a3 Rf5 29. Qd2 Kg8 30. Qc2 Qh6 31. Ne3 R5f7 32. Qe2 1/2-1/2

[Event "38th Eastman Open 2015"]
[Site "Ghent BEL"]
[Date "2015.07.20"]
[Round "6.15"]
[White "Goormachtigh, Johan"]
[Black "De Feijter, Bas"]
[Result "1/2-1/2"]
[WhiteTitle "FM"]
[WhiteElo "2191"]
[BlackElo "2015"]
[WhiteFideId "200280"]
[BlackFideId "1042130"]
[EventDate "2015.07.18"]

1. d4 d5 2. c4 c6 3. Nc3 dxc4 4. e3 b5 5. a4 b4 6. Nb1 Ba6 7. Nd2 c3 8. bxc3
bxc3 9. Ne4 Bxf1 10. Kxf1 e6 11. Ne2 Nf6 12. Nxf6+ Qxf6 13. Qb3 Qe7 14. Ba3 Qc7
15. Nxc3 Nd7 16. Bxf8 1/2-1/2

[Event "38th Eastman Open 2015"]
[Site "Ghent BEL"]
[Date "2015.07.20"]
[Round "6.16"]
[White "Van Herck, Marcel"]
[Black "Ruston, Mark R"]
[Result "1-0"]
[WhiteElo "2170"]
[BlackElo "2024"]
[WhiteFideId "200344"]
[BlackFideId "410020"]
[EventDate "2015.07.18"]

1. e4 e6 2. d4 d5 3. Nc3 Nf6 4. Bg5 dxe4 5. Nxe4 Be7 6. Bxf6 gxf6 7. Nf3 f5 8.
Nc3 Bf6 9. Qd2 c6 10. O-O-O h5 11. Bc4 b5 12. Bb3 a5 13. a4 b4 14. Ne2 Nd7 15.
Nf4 Nb6 16. Rhe1 Nd5 17. Bxd5 cxd5 18. Nd3 Qc7 19. Nc5 Be7 20. b3 Kf8 21. Qe3
Bd6 22. Ne5 Bxe5 23. Qxe5 Qxe5 24. Rxe5 Rg8 25. g3 Ke7 26. Rde1 Kd6 27. Kd2 Rg4
28. c3 bxc3+ 29. Kxc3 f6 30. Rxe6+ Bxe6 31. Rxe6+ Kc7 32. Rxf6 1-0

[Event "38th Eastman Open 2015"]
[Site "Ghent BEL"]
[Date "2015.07.21"]
[Round "7.1"]
[White "Pap, Misa"]
[Black "Dgebuadze, Alexandre"]
[Result "0-1"]
[WhiteTitle "GM"]
[BlackTitle "GM"]
[WhiteElo "2486"]
[BlackElo "2490"]
[WhiteFideId "921610"]
[BlackFideId "203882"]
[EventDate "2015.07.18"]

1. e4 e6 2. d4 d5 3. Nd2 Ne7 4. Ngf3 Nd7 5. Be2 g6 6. O-O Bg7 7. exd5 exd5 8.
Re1 O-O 9. c3 Re8 10. Bd3 Nf6 11. Ne5 Bf5 12. Bf1 c6 13. Ndf3 Ne4 14. h3 Nc8 15.
Bf4 Ncd6 16. Qc1 Rc8 17. Bh6 Bxh6 18. Qxh6 f6 19. Ng4 g5 20. Nd2 Bg6 21. Nxe4
dxe4 22. h4 Nf5 23. Nxf6+ Qxf6 24. Qxg5 Qxg5 25. hxg5 Kg7 26. Be2 Nd6 27. Bg4
Rc7 28. Re2 Rce7 29. Rae1 Kf8 30. f4 exf3 31. Rxe7 Rxe7 32. Rxe7 f2+ 33. Kxf2
Kxe7 34. Kf3 Be4+ 35. Kg3 Bd5 36. a4 Nc4 37. b3 Nd2 38. c4 Be4 39. Bd1 Bb1 40.
Kf4 Ba2 41. b4 Bxc4 42. Bc2 Bg8 43. b5 cxb5 44. axb5 Kd6 45. Kf5 Bd5 46. Kf4 Bg8
47. Kf5 Nb3 48. Kf6 Nxd4 49. Be4 Bd5 50. Bxh7 Nxb5 51. g4 Nc7 52. Bd3 a5 53. g6
Ne8+ 54. Kg5 a4 55. Bb5 a3 56. Bxe8 a2 0-1

[Event "38th Eastman Open 2015"]
[Site "Ghent BEL"]
[Date "2015.07.21"]
[Round "7.2"]
[White "Feller, Sebastien"]
[Black "Sarrau, Jelle"]
[Result "1/2-1/2"]
[WhiteTitle "GM"]
[BlackTitle "FM"]
[WhiteElo "2622"]
[BlackElo "2359"]
[WhiteFideId "634654"]
[BlackFideId "207608"]
[EventDate "2015.07.18"]

1. Nf3 Nf6 2. c4 c5 3. Nc3 b6 4. e4 d6 5. d4 cxd4 6. Nxd4 Bb7 7. f3 e6 8. Be2
Be7 9. O-O O-O 10. Be3 a6 11. Qd2 Nbd7 12. a4 Rb8 13. a5 bxa5 14. Ra2 Qc7 15.
Rfa1 Ne5 16. Rxa5 Nxc4 17. Bxc4 Qxc4 18. Rc1 Qc7 19. Nd5 Qd8 20. Nc6 Bxc6 21.
Nxe7+ Qxe7 22. Rxc6 Rfc8 23. Rxc8+ Rxc8 24. Rxa6 d5 25. Ra7 Qd8 26. exd5 Nxd5
27. Bd4 Qh4 28. Ra1 h6 29. b3 Rd8 30. Bf2 Qf6 31. Qd4 e5 32. Qh4 Qxh4 33. Bxh4
Rb8 34. Rd1 Rb5 35. Be1 f5 36. Kf2 Kf7 37. Rb1 Ke6 38. Bd2 e4 39. fxe4 fxe4 40.
Ke2 h5 41. g3 Ke5 42. b4 g6 43. Be1 Kd4 44. h4 Ke5 45. Rc1 Rb6 46. Rb1 Rb5 47.
Rb2 Kd4 48. Rd2+ Ke5 49. Rd1 Rb8 50. Rb1 1/2-1/2

[Event "38th Eastman Open 2015"]
[Site "Ghent BEL"]
[Date "2015.07.21"]
[Round "7.3"]
[White "De Groote, Ewoud"]
[Black "Sumets, Andrey"]
[Result "1/2-1/2"]
[BlackTitle "GM"]
[WhiteElo "2315"]
[BlackElo "2598"]
[WhiteFideId "1017870"]
[BlackFideId "14105500"]
[EventDate "2015.07.18"]

1. e4 c6 2. d4 d5 3. Nd2 dxe4 4. Nxe4 Bf5 5. Ng3 Bg6 6. h4 h6 7. Nf3 e6 8. h5
Bh7 9. Bd3 Bxd3 10. Qxd3 Nf6 11. Bd2 Be7 12. O-O-O O-O 13. Kb1 c5 14. Ne4 cxd4
15. Nxf6+ Bxf6 16. Bb4 Re8 17. Nxd4 Na6 18. Ba3 Qb6 19. Qe3 Nc7 20. Nf3 Nd5 21.
Qxb6 axb6 22. Bd6 b5 23. Be5 Bxe5 24. Nxe5 Ra4 25. c3 Rea8 26. a3 Re4 27. Rde1
Raa4 28. g3 Nf6 29. Nd3 Kf8 30. f3 Rxe1+ 31. Nxe1 Nd5 32. Nc2 Ke7 33. Nd4 Nc7
34. Re1 Ra8 35. Re5 Kd7 36. f4 f6 37. Re1 Ra6 38. Kc2 Rd6 39. f5 e5 40. Nf3 Nd5
41. Nd2 Ra6 42. Re4 Ne7 43. g4 Nc8 44. Rb4 Nd6 45. Kd3 Kc6 46. c4 Rb6 47. cxb5+
Rxb5 48. Rxb5 Kxb5 49. b3 Kc5 50. Nb1 Nb5 51. b4+ Kd5 52. a4 e4+ 53. Ke3 Nd6 54.
Nd2 Nc4+ 55. Nxc4 Kxc4 56. b5 Kb4 57. Kxe4 Kxa4 58. b6 Kb5 59. Kd5 Kxb6 60. Ke6
Kc6 61. Kf7 b5 62. Kxg7 b4 63. Kxh6 b3 64. Kg7 b2 65. h6 b1=Q 66. h7 Qb7+ 67.
Kg8 Qc8+ 68. Kg7 Qd7+ 69. Kg8 Qd8+ 70. Kg7 Qc7+ 71. Kg8 Qb8+ 72. Kg7 Qa7+ 73.
Kg8 Qa2+ 74. Kg7 Qc4 75. h8=Q Qxg4+ 76. Kf7 Qxf5 77. Qxf6+ Qxf6+ 78. Kxf6 1/2-1/2

[Event "38th Eastman Open 2015"]
[Site "Ghent BEL"]
[Date "2015.07.21"]
[Round "7.4"]
[White "Verstraeten, Rein"]
[Black "Docx, Stefan"]
[Result "1/2-1/2"]
[WhiteTitle "FM"]
[BlackTitle "IM"]
[WhiteElo "2312"]
[BlackElo "2417"]
[WhiteFideId "223654"]
[BlackFideId "200778"]
[EventDate "2015.07.18"]

1. d4 Nf6 2. c4 c5 3. Nf3 cxd4 4. Nxd4 e5 5. Nb5 d5 6. cxd5 Bc5 7. N5c3 O-O 8.
g3 e4 9. Bg2 Re8 10. O-O e3 11. Bxe3 Bxe3 12. fxe3 Ng4 13. Qd2 Nxe3 14. Rf3 Nxg2
15. Kxg2 Nd7 16. Na3 Ne5 17. Rf4 a6 18. Nc4 Nxc4 19. Rxc4 b5 20. Rd4 Qb6 21. b4
a5 22. Rb1 axb4 23. Rbxb4 Qg6 24. Kg1 Bh3 25. Rh4 Bd7 1/2-1/2

[Event "38th Eastman Open 2015"]
[Site "Ghent BEL"]
[Date "2015.07.21"]
[Round "7.5"]
[White "Gavrilov, Alexei1"]
[Black "Froeyman, Helmut"]
[Result "1/2-1/2"]
[WhiteTitle "GM"]
[BlackTitle "FM"]
[WhiteElo "2411"]
[BlackElo "2278"]
[WhiteFideId "4104358"]
[BlackFideId "203602"]
[EventDate "2015.07.18"]

1. e4 e5 2. Nf3 Nc6 3. Bb5 a6 4. Ba4 Nf6 5. O-O Be7 6. Re1 b5 7. Bb3 d6 8. c3
O-O 9. h3 Na5 10. Bc2 c5 11. d4 Qc7 12. d5 Bd7 13. b3 Rfc8 14. Be3 Nb7 15. Nbd2
c4 16. bxc4 Nc5 17. Rb1 Rab8 18. Bxc5 Qxc5 19. Bd3 bxc4 20. Bxc4 Qa5 21. Qc2 Bd8
22. Rxb8 Rxb8 23. Rb1 Bb6 24. Bd3 Qc5 25. Nc4 Ba7 26. Rxb8+ Bxb8 27. Nfd2 Ba7
28. Nb3 Qc7 29. Qe2 h6 30. Kh2 Bb5 31. Nbd2 Bxc4 32. Nxc4 Nd7 33. Qf3 Nb6 34.
Ne3 g6 35. Ng4 h5 36. Nf6+ Kf8 37. Bxa6 Nd7 38. Nxd7+ Qxd7 39. Qf6 Qc7 40. Kg1
Qxc3 41. Bf1 Bc5 42. Qf3 Qc2 43. Qe2 Qa4 44. h4 Qd4 45. g3 Kg7 46. Kg2 Bb6 47.
Qf3 Bc5 48. Bb5 Qb4 49. a4 Qa5 50. Be8 Qc7 51. a5 Kf8 52. Bc6 Qxa5 53. Qf6 Qa7
54. Bb5 Kg8 55. Be8 Qc7 56. Bc6 Bb6 57. f4 Qd8 58. fxe5 Qxf6 59. exf6 Bd4 60. g4
hxg4 61. Kg3 Bxf6 62. Kxg4 Kg7 63. h5 gxh5+ 64. Kxh5 Be5 65. Kg4 Kf6 66. Bd7 Bd4
67. Be8 Be5 1/2-1/2

[Event "38th Eastman Open 2015"]
[Site "Ghent BEL"]
[Date "2015.07.21"]
[Round "7.6"]
[White "Cordts, Ingo"]
[Black "Eerens, Pim"]
[Result "1/2-1/2"]
[WhiteTitle "FM"]
[WhiteElo "2284"]
[BlackElo "2134"]
[WhiteFideId "4662687"]
[BlackFideId "1011804"]
[EventDate "2015.07.18"]

1. Nf3 e6 2. c4 d5 3. g3 c6 4. Qc2 Nd7 5. d4 Ngf6 6. Bg2 Ne4 7. O-O f5 8. Nfd2
Nxd2 9. Nxd2 Be7 10. f3 Bf6 11. Nb3 O-O 12. e4 dxc4 13. Qxc4 Kh8 14. Rd1 fxe4
15. fxe4 Ne5 16. Qe2 Nf7 17. Be3 Qe8 18. e5 Bg5 19. Bxg5 Nxg5 20. h4 Nf7 21. Rf1
Nh6 22. Rxf8+ Qxf8 23. Rf1 Qe7 24. Qf2 Kg8 25. Na5 Nf5 26. g4 Nxh4 27. Bxc6 Ng6
28. Be4 Rb8 29. Bxg6 hxg6 30. Nc4 Bd7 31. Nd6 Bc6 32. Qf7+ Qxf7 33. Rxf7 Bd5 34.
g5 Bxa2 35. Rxb7 Rxb7 36. Nxb7 Kf7 37. Nd8+ Ke8 38. Nc6 a6 39. Kf2 Bc4 40. Ke3
Kd7 41. Nb4 a5 42. Nd3 Kc6 43. Nf4 Kb5 44. d5 exd5 45. Kd4 Kb4 46. e6 Kb3 47. e7
Bb5 48. Kc5 Be8 49. Nxd5 Kxb2 50. Nc7 Bf7 51. e8=Q Bxe8 52. Nxe8 a4 53. Nd6 Kc3
54. Ne4+ Kd3 55. Kd5 a3 56. Nc5+ Ke3 57. Ke5 Kf3 58. Nb3 Kg4 59. Ke4 1/2-1/2

[Event "38th Eastman Open 2015"]
[Site "Ghent BEL"]
[Date "2015.07.21"]
[Round "7.7"]
[White "Kegels, Pascal"]
[Black "Michiels, Bart"]
[Result "0-1"]
[BlackTitle "GM"]
[WhiteElo "2135"]
[BlackElo "2533"]
[WhiteFideId "201383"]
[BlackFideId "202967"]
[EventDate "2015.07.18"]

1. d4 Nf6 2. c4 e6 3. Nf3 b6 4. g3 Bb7 5. Bg2 Be7 6. O-O O-O 7. Nc3 Ne4 8. Nxe4
Bxe4 9. Nh4 Bxg2 10. Nxg2 d6 11. Qd3 Nd7 12. Bd2 c6 13. Bc3 d5 14. e4 Nf6 15. f3
Rc8 16. Rad1 Qc7 17. cxd5 cxd5 18. e5 Nd7 19. Ne3 f5 20. exf6 Nxf6 21. Qe2 Qd7
22. Ng2 Bd6 23. Ne1 Rfe8 24. Nd3 Qa4 25. Qd2 a5 26. b3 Qd7 27. Rc1 h6 28. Qe2
Qb5 29. Bb2 Qd7 30. Rxc8 Rxc8 31. Rc1 g5 32. Re1 Kf7 33. Ba3 Bb8 34. Kg2 Rc6 35.
Rc1 a4 36. Qd2 axb3 37. axb3 Rxc1 38. Nxc1 Qc8 39. Nd3 Qa6 40. Bc1 Bd6 41. h4
gxh4 42. gxh4 Qa1 43. Bb2 Qb1 44. Ne5+ Bxe5 45. dxe5 Nh5 46. Qc3 Nf4+ 47. Kf2
Qxb2+ 0-1

[Event "38th Eastman Open 2015"]
[Site "Ghent BEL"]
[Date "2015.07.21"]
[Round "7.8"]
[White "Barendse, Ted"]
[Black "Huhndorf, Arnold"]
[Result "0-1"]
[BlackTitle "FM"]
[WhiteElo "2142"]
[BlackElo "2262"]
[WhiteFideId "1006150"]
[BlackFideId "4665031"]
[EventDate "2015.07.18"]

1. d4 Nf6 2. c4 c5 3. d5 e6 4. Nc3 exd5 5. cxd5 d6 6. e4 g6 7. f4 Bg7 8. Bb5+
Nfd7 9. a4 O-O 10. Nf3 Na6 11. O-O Nc7 12. Bd3 a6 13. e5 dxe5 14. f5 Nf6 15.
fxg6 hxg6 16. Bg5 Ncxd5 17. Ne4 c4 18. Bxc4 Qb6+ 19. Kh1 Nxe4 20. Qxd5 Nf2+ 21.
Rxf2 Qxf2 22. Rf1 Qxb2 23. Bc1 Qb6 24. Ng5 Be6 25. Nxe6 Qxe6 26. Qxe6 fxe6 27.
Bxe6+ Kh7 0-1

[Event "38th Eastman Open 2015"]
[Site "Ghent BEL"]
[Date "2015.07.21"]
[Round "7.9"]
[White "Stone, Andrew M"]
[Black "Polee, Hans"]
[Result "1/2-1/2"]
[WhiteElo "2209"]
[BlackElo "2108"]
[WhiteFideId "404985"]
[BlackFideId "1016830"]
[EventDate "2015.07.18"]

1. c4 Nf6 2. g3 g6 3. Bg2 Bg7 4. d4 O-O 5. Nc3 d6 6. Nf3 Nc6 7. O-O Bf5 8. Ne1
Qc8 9. e4 Bh3 10. Nc2 Bxg2 11. Kxg2 e5 12. d5 Ne7 13. f3 Ne8 14. Be3 f5 15. b4
h5 16. Bg5 Rf7 17. h3 Nf6 18. Qe2 1/2-1/2

[Event "38th Eastman Open 2015"]
[Site "Ghent BEL"]
[Date "2015.07.21"]
[Round "7.10"]
[White "De Groote, Jesper"]
[Black "Blom, Yeb"]
[Result "1-0"]
[WhiteElo "2168"]
[BlackElo "2103"]
[WhiteFideId "1019295"]
[BlackFideId "1024590"]
[EventDate "2015.07.18"]

1. e4 c5 2. Nf3 Nc6 3. Bb5 e6 4. Bxc6 dxc6 5. O-O Ne7 6. d3 Ng6 7. e5 Be7 8.
Nbd2 Qc7 9. Qe1 O-O 10. b3 f5 11. Bb2 Bd7 12. Qe3 Be8 13. a4 b5 14. d4 cxd4 15.
Nxd4 Bd7 16. f4 a6 17. c4 bxa4 18. bxa4 Rab8 19. Ba3 Bxa3 20. Rxa3 c5 21. N4b3
Rfc8 22. a5 Qc6 23. Rf3 Rc7 24. Qf2 Bc8 25. Rd3 Qe8 26. Rd6 Kf7 27. Nxc5 Rb2 28.
h3 Rc2 29. Rad3 Nxf4 30. Qxf4 Rxc5 31. Qg5 Rxe5 32. Qh5+ Ke7 33. Qxh7 Qf7 34.
Rc6 Kf6 35. Qh4+ g5 36. Qh8+ Qg7 37. Qxg7+ Kxg7 38. Kf2 Kf6 39. Rxc8 Rxa5 40.
Rc6 f4 41. Rdd6 Kf5 42. Ke2 Raa2 43. c5 a5 44. Rc8 a4 45. Kd1 Rcb2 46. Rf8+ Ke5
47. Nc4+ 1-0